[Event "GER-ch U10 Girls"]
[Site "Willingen"]
[Date "2024.05.22"]
[Round "6"]
[White "Preissler, Enie"]
[Black "Hendler, Felicitas"]
[Result "0-1"]
[WhiteElo "1019"]
[BlackElo "1645"]
[PlyCount "144"]
[EventDate "2024.05.19"]
[EventType "swiss"]
[EventRounds "11"]
[EventCountry "GER"]
[SourceTitle "CBM 220 Extra"]
[Source "ChessBase"]
[SourceDate "2024.07.31"]
[SourceVersion "1"]
[SourceVersionDate "2024.07.31"]
[SourceQuality "1"]

1. d4 d5 2. Bf4 Nf6 3. e3 c5 4. c3 Nc6 5. Nf3 Qb6 6. Qb3 c4 7. Qc2 Bf5 8. Qc1 e6 9. Nbd2 Be7 10. Be2 0-0 11. 0-0 Rfc8 12. Ne5 Qd8 13. Ndf3 b5 14. Bd1 a5 15. a4 b4 16. Bc2 bxc3 17. bxc3 Bxc2 18. Qxc2 Nh5 19. Bg3 Nxg3 20. hxg3 Nxe5 21. Nxe5 Bd6 22. Nf3 Qf6 23. Rfb1 Rcb8 24. Rb2 Qd8 25. Rab1 Rxb2 26. Rxb2 Rb8 27. Qb1 Rxb2 28. Qxb2 Qb8 29. Qc2 Qb3 30. Qxb3 cxb3 31. Nd2 b2 32. Kf1 Kf8 33. Ke1 Ke7 34. Kd1 Kd7 35. Kc2 Kc6 36. Kxb2 Be7 37. c4 Bb4 38. cxd5+ Kxd5 39. Nf3 h6 40. Kc2 f6 41. Nd2 Bxd2 42. Kxd2 Kc4 43. Kc2 Kb4 44. e4 Kc4 45. d5 exd5 46. exd5 Kxd5 47. Kb3 Kc5 48. f3 g6 49. f4 g5 50. f5 h5 51. Ka3 Kc4 52. g4 h4 53. Ka2 Kb4 54. Kb2 Kxa4 55. Kb1 Kb3 56. Ka1 a4 57. Kb1 a3 58. Ka1 Kc2 59. Ka2 Kd2 60. Kxa3 Ke2 61. Kb3 Kf2 62. Kc2 Kxg2 63. Kd3 h3 64. Kd4 h2 65. Kd5 h1Q 66. Ke6 Qa1 67. Kf7 Kg3 68. Kg7 Kxg4 69. Kg6 Qe5 70. Kh6 Qxf5 71. Kg7 Qd7+ 72. Kh8 Kh5 0-1

[Event "GER-ch U10 Girls"]
[Site "Willingen"]
[Date "2024.05.21"]
[Round "5"]
[White "Lao, Theodora Siyuan"]
[Black "Preissler, Enie"]
[Result "0-1"]
[WhiteElo "1087"]
[BlackElo "1019"]
[PlyCount "84"]
[EventDate "2024.05.19"]
[EventType "swiss"]
[EventRounds "11"]
[EventCountry "GER"]
[SourceTitle "CBM 220 Extra"]
[Source "ChessBase"]
[SourceDate "2024.07.31"]
[SourceVersion "1"]
[SourceVersionDate "2024.07.31"]
[SourceQuality "1"]

1. e4 c5 2. Nc3 d6 3. Bb5+ Bd7 4. Bxd7+ Qxd7 5. Nf3 Nc6 6. d4 cxd4 7. Nxd4 a6 8. Be3 Nf6 9. 0-0 e5 10. Nxc6 Qxc6 11. Qd3 Be7 12. Nd5 Nxd5 13. exd5 Qd7 14. Rfe1 0-0 15. Bd2 b6 16. Qg3 Bf6 17. Re3 Qb5 18. Rb1 Qxd5 19. Rd1 Qxa2 20. Rf3 Qe6 21. c4 Rfc8 22. Rc1 b5 23. b3 bxc4 24. bxc4 a5 25. Rfc3 a4 26. Qd3 a3 27. Rxa3 Rxa3 28. Qxa3 h6 29. c5 dxc5 30. Rxc5 Rxc5 31. Qxc5 Qa2 32. Be1 Qb1 33. Kf1 Qd3+ 34. Kg1 Qe2 35. Qc8+ Kh7 36. Qf5+ g6 37. Qb1 e4 38. g3 e3 39. Qc1 Bd4 40. Kg2 exf2 41. Bxf2 Qxf2+ 42. Kh1 Qf3# 0-1